FAR/AIM 2000 : (Record no. 1430)

MARC details
000 -LEADER
fixed length control field 00645nam a2200205 4500
001 - CONTROL NUMBER
control field 1868
005 - DATE AND TIME OF LATEST TRANSACTION
control field 20181127164126.0
010 00 - LIBRARY OF CONGRESS CONTROL NUMBER
LC control number
020 00 - INTERNATIONAL STANDARD BOOK NUMBER
International Standard Book Number 0884872688
090 00 - LOCALLY ASSIGNED LC-TYPE CALL NUMBER (OCLC); LOCAL CALL NUMBER (RLIN)
Classification number (OCLC) (R) ; Classification number, CALL (RLIN) (NR) 387.7 J549f 2000
100 00 - MAIN ENTRY--PERSONAL NAME
Personal name
245 00 - TITLE STATEMENT
Title FAR/AIM 2000 :
Remainder of title Federal aviation regulations / Aeronautical information manual.
Statement of responsibility, etc.
Medium
250 00 - EDITION STATEMENT
Edition statement
260 00 - PUBLICATION, DISTRIBUTION, ETC.
Place of publication, distribution, etc. Englewood, CO :
Name of publisher, distributor, etc. Jeppesen Sanderson, Inc.,
Date of publication, distribution, etc. 1999.
300 00 - PHYSICAL DESCRIPTION
Extent v. : ill.
500 00 - GENERAL NOTE
General note "Jeppesen Sanderson Training Products"
650 00 - SUBJECT ADDED ENTRY--TOPICAL TERM
Topical term or geographic name entry element Aeronautics --Law and legislation --United States.
General subdivision
Topical term or geographic name entry element Air-pilot guides --United States.
General subdivision
Topical term or geographic name entry element Airplanes --Piloting --Handbooks, manuals, etc.
General subdivision
Holdings
Withdrawn status Lost status Source of classification or shelving scheme Damaged status Not for loan Collection code Home library Current library Shelving location Serial Enumeration / chronology Inventory number Total Checkouts Full call number Barcode Date last seen Price effective from Koha item type
    Dewey Decimal Classification     Main TEST RTC Library RTC Library Main opac 923   387.7 JEP 30003629 27/11/2018 27/11/2018 Main
Royal Thimphu College || All Right Reserved